000 03635nam a22004211 4500
005 20050808122104.0
008 721219s1962 nyu | 00| f eng
010 _aB-347178-192
020 _a9780007257393
_c295.00
035 _aB-347178-192
037 _bAakar Books
040 _adpl
_bEnglish
082 _aN
100 _aAllende, Isabel
245 _aInes of my soul /
_cby Isabel Allende
260 _aLondon
_bHarper Perennial
_c2007
270 _a77-85, Fulham Palace Road
_bHammersmith, London
_eW6 8JB
300 _a321,19 p.
_c18 cm. (pbk)
650 _a Spanish
_vFiction
_xHistory
_zChile
651 _a Chile
_vFiction
_xHistory
_yTo 1565
942 _2ddc
_cEN
_hN
_mALL
999 _c23884
_d23884